| 000 | 00849nam a2200229 i 4500 | ||
|---|---|---|---|
| 001 | 75901 | ||
| 003 | ES-MaACL | ||
| 005 | 20230906172639.0 | ||
| 007 | t| | ||
| 008 | 040928s1955 sp ||||1| spa d | ||
| 100 | 1 |
_aGrimm, Jacob ( _d1785-1863) _960060 |
|
| 245 | 1 | 0 |
_aCuentos completos de los Hermanos Grimm / _cJakob Ludwig Karl Grimm ; traducción directa del alemán por Francisco Payarols ; revisión y prólogo por Eduardo Valentí. |
| 260 |
_aBarcelona : _bLabor, _c1955 ( _fTalls. Gráf. Ibero-Americanos) |
||
| 300 |
_aXX, 699 p., 8 lám. : _bil. ; _c22 cm. |
||
| 490 | 1 | _aObras eternas | |
| 700 | 1 |
_aPayarols, Francisco. _989715 |
|
| 700 | 1 |
_aValentí Fiol, Eduardo. _9112600 |
|
| 700 | 1 |
_aGrimm, Wilhelm ( _d1786-1859) _9168467 |
|
| 830 | 0 |
_aObras eternas _9183511 |
|
| 852 |
_aES-MaACL _jC-11295 _bR.38354 |
||
| 999 |
_c75901 _d75901 |
||